Vista normal Vista MARC

Entrada Nombre Personal

Número de registros utilizados en: 18

001 - NUMERO DE CONTROL

  • control field: 27785

003 - IDENTIFICADOR DEL NÚMERO DE CONTROL

  • control field: AR-RoUNA

005 - FECHA Y HORA DE LA ÚLTIMA TRANSACCIÓN

  • control field: 20260617114645.0

008 - ELEMENTOS DE DATOS DE LONGITUD FIJA

  • fixed length control field: 260617|| aca||aabn | a|a d

040 ## - FUENTE DE CATALOGACIÓN

  • Original cataloging agency: AR-RoUNA
  • Transcribing agency: AR-RoUNA

100 ## - ENCABEZADO--NOMBRE PERSONAL

  • Nombre personal: Tomadú, Beatriz

670 ## - FUENTE EN LA QUE SE LOCALIZARON DATOS

  • Cita fuente: Work cat.: (AR-RoUNA)12473: El gran diccionario de los argentinos. T.1 a-alm, 2009